000 00644nam a2200193 a 4500
001 000016696
005 20200929164941.0
008 100309s2004 dr ac 000 0 spa d
020 _a9993479047
040 _aDO-SdBNP
082 _a923.397293
_bM516e
100 1 _aMejía Almonte, Máximo
_d1951-
_937052
245 1 0 _aEncajes La Rosario :
_buna historia para ser contada /
_cMáximo Mejía Almonte.
260 _aSanto Domingo :
_bBúho,
_c2004.
300 _a[227 p.] :
_bil., retr. ;
_c24 cm.
500 _aIncluye datos biográficos del autor en la solapa de la cubierta
650 4 _aMejia almonte, maximo
_y1951-
_937053
049 _aBNPD
999 _c16229
_d16229